000 00545nam a2200193Ia 4500
005 20250326144954.0
008 250326s9999 xx 000 0 und d
020 _a0-7494-3696-4
037 _aTextbook
040 _aFMSL
_beng
_cFMSL
041 _aeng
_2eng
084 _aX8(8D):51 P2
_qFMSL
100 _aFoss B
_988486
245 0 _aCRM in ficial services
_cFoss B; Stone M
260 _aUnited Kingdom
_bUnited Kingdom, Kogan Page
_c2002
300 _axviii,700
942 _cTB
_hX8(8D):51 P2
999 _c1305863
_d1305863